Recensione

Elmentve itt :
Bibliográfiai részletek
Szerző: Volterra Edoardo
Dokumentumtípus: Cikk
Sorozat:Kolligátum
Kulcsszavak:Jogtudomány - könyvismertetés
Online Access:http://misc.bibl.u-szeged.hu/23194
LEADER 00504nab a2200157 i 4500
001 misc23194
005 20191108150544.0
008 170821suuuu hu o 0|| zxx d
040 |a SZTE Miscellanea Repozitórium  |b hun 
041 |a zxx 
100 1 |a Volterra Edoardo 
245 1 0 |a Recensione  |h [elektronikus dokumentum] /  |c  Volterra Edoardo 
300 |a 377-385 
490 0 |a Kolligátum 
695 |a Jogtudomány - könyvismertetés 
856 4 0 |u http://misc.bibl.u-szeged.hu/23194/1/87515_377-385.pdf  |z Dokumentum-elérés